[Event "CYCC U16"]
[Site "Sault Ste Marie CAN"]
[Date "2017.07.06"]
[Round "2.16"]
[White "Wang, Jeff"]
[Black "Liu, Lambert"]
[Result "1/2-1/2"]
[WhiteElo "1939"]
[BlackElo "2188"]
[WhiteFideId "-1"]
[WhiteFideId "-1"]
[PlyCount "76"]
[GameId "2160767908410639"]
[EventDate "2017.07.06"]
[EventType "swiss"]
[EventRounds "7"]
[EventCountry "CAN"]
[SourceTitle "hb 2017"]

1. d4 f5 2. c4 Nf6 3. Nf3 g6 4. g3 Bg7 5. Bg2 d6 6. O-O O-O 7. b3 c6 8. Qc2 Na6 9. Rd1 Qe8 10. Ba3 Kh8 11. e3 Bd7 12. Nc3 Nc7 13. Re1 Qf7 14. Rad1 Rad8 15. Ne2 h6 16. h4 Ne4 17. Nc3 Nxc3 18. Qxc3 a6 19. Qa5 Na8 20. Re2 Bf6 21. e4 fxe4 22. Rxe4 Bf5 23. Rf4 Qe6 24. d5 Qc8 25. Nd4 Be5 26. Rxf5 gxf5 27. Ne6 Rde8 28. Nxf8 Rxf8 29. Bh3 cxd5 30. Qxd5 Nc7 31. Qd2 Qe6 32. Bb2 Bxb2 33. Qxb2+ Kh7 34. Qc3 Qg6 35. Bf1 Kg8 36. c5 d5 37. Qe5 Qc6 38. Qxe7 f4 1/2-1/2

[Event "CYCC U16"]
[Site "Sault Ste Marie CAN"]
[Date "2017.07.06"]
[Round "2.17"]
[White "Liang, Hairan"]
[Black "Wu, Chenxi"]
[Result "1-0"]
[WhiteElo "2186"]
[BlackElo "1904"]
[WhiteFideId "-1"]
[WhiteFideId "-1"]
[PlyCount "55"]
[GameId "2160767908410641"]
[EventDate "2017.07.06"]
[EventType "swiss"]
[EventRounds "7"]
[EventCountry "CAN"]
[SourceTitle "hb 2017"]

1. e4 c5 2. Nf3 d6 3. Bb5+ Bd7 4. Bxd7+ Nxd7 5. c4 g6 6. d4 cxd4 7. Nxd4 Bg7 8. O-O Ngf6 9. Nc3 O-O 10. Be3 Nc5 11. f3 a6 12. Rc1 Rc8 13. Qe2 Qd7 14. b3 Rfd8 15. Rfd1 Qc7 16. Kh1 Re8 17. Bg5 e6 18. Qe3 Qb8 19. Nc2 Ncd7 20. Qd2 d5 21. exd5 exd5 22. Nxd5 Nxd5 23. Qxd5 Rc5 24. Qd2 Ne5 25. Nb4 Qc8 26. Nd5 Qf5 27. Ne7+ Rxe7 28. Bxe7 1-0

[Event "CYCC U16"]
[Site "Sault Ste Marie CAN"]
[Date "2017.07.06"]
[Round "2.18"]
[White "Zhou, Joey"]
[Black "Xu, Jeffrey"]
[Result "0-1"]
[WhiteElo "1563"]
[BlackElo "2125"]
[WhiteFideId "-1"]
[WhiteFideId "-1"]
[PlyCount "72"]
[GameId "2160767908410642"]
[EventDate "2017.07.06"]
[EventType "swiss"]
[EventRounds "7"]
[EventCountry "CAN"]
[SourceTitle "hb 2017"]

1. d4 e6 2. e4 d5 3. exd5 exd5 4. Nf3 Bd6 5. h3 Ne7 6. Bd3 Nbc6 7. O-O Bf5 8. c3 Qd7 9. Re1 f6 10. Qc2 O-O-O 11. b4 Bxd3 12. Qxd3 Rdg8 13. Nbd2 g5 14. Nh2 h5 15. Ndf1 g4 16. h4 Ng6 17. g3 f5 18. a4 f4 19. Ra2 Nce7 20. b5 Rf8 21. c4 dxc4 22. Qxc4 Nf5 23. Qd3 Qf7 24. Rc2 Qd5 25. Bb2 Rf7 26. Rd2 Rd8 27. Rc2 Bb4 28. Rd1 Bd6 29. Re1 Rdf8 30. Bc3 fxg3 31. fxg3 Nfxh4 32. gxh4 Nf4 33. Qe4 Nh3+ 34. Kh1 Qxe4+ 35. Rxe4 Rxf1+ 36. Nxf1 Rxf1+ 0-1

[Event "CYCC U16"]
[Site "Sault Ste Marie CAN"]
[Date "2017.07.06"]
[Round "2.19"]
[White "Guan, Zi Yu"]
[Black "Bremner, William"]
[Result "0-1"]
[WhiteElo "1478"]
[BlackElo "1104"]
[WhiteFideId "-1"]
[WhiteFideId "-1"]
[PlyCount "144"]
[GameId "2160767908410643"]
[EventDate "2017.07.06"]
[EventType "swiss"]
[EventRounds "7"]
[EventCountry "CAN"]
[SourceTitle "hb 2017"]

1. e4 c6 2. d4 d5 3. exd5 cxd5 4. c4 Nf6 5. Nc3 e6 6. a3 Be7 7. Nf3 O-O 8. Qc2 Qc7 9. Nb5 Qd8 10. Bf4 Na6 11. c5 Ne4 12. Bd3 Bd7 13. O-O Bxb5 14. Bxb5 Nb8 15. Bd3 Nf6 16. b4 Nbd7 17. b5 Re8 18. c6 bxc6 19. bxc6 Nb6 20. Ba6 Nh5 21. c7 Qd7 22. Ne5 Qd6 23. Bg3 Nxg3 24. fxg3 Bf6 25. Bb7 Bxe5 26. dxe5 Qxe5 27. Bxa8 Rxa8 28. Rac1 Nc4 29. a4 Qxc7 30. Qf2 Qb6 31. Rb1 Qxf2+ 32. Rxf2 a5 33. Rb7 Rf8 34. g4 g5 35. g3 Ne3 36. h3 Nc4 37. Kf1 f6 38. Re7 e5 39. Rd7 Rf7 40. Rd8+ Kg7 41. Ke2 Nb6 42. Rd6 Nxa4 43. Ra6 Nc3+ 44. Kd3 Ne4 45. Rc2 Nxg3 46. Rxa5 Rd7 47. Ke3 h5 48. Rcc5 d4+ 49. Kf3 h4 50. Rd5 Re7 51. Ra6 e4+ 52. Kf2 d3 53. Ke3 Nf1+ 54. Kf2 Nd2 55. Ra1 e3+ 56. Kg2 Nb3 57. Re1 d2 58. Re2 Nc1 59. Kf3 Nxe2 60. Kxe2 Kg6 61. Rd6 Kf7 62. Rd3 f5 63. gxf5 Kf6 64. Rd8 Kxf5 65. Rf8+ Kg6 66. Rd8 g4 67. Rd4 gxh3 68. Rxh4 Rd7 69. Rg4+ Kf5 70. Rg1 d1=Q+ 71. Rxd1 Rxd1 72. Kxd1 h2 0-1

[Event "CYCC U16"]
[Site "Sault Ste Marie CAN"]
[Date "2017.07.06"]
[Round "2.20"]
[White "Java, Jose"]
[Black "Chertkow, Matthew"]
[Result "0-1"]
[WhiteElo "1005"]
[BlackElo "1448"]
[WhiteFideId "-1"]
[WhiteFideId "-1"]
[PlyCount "70"]
[GameId "2160767908410644"]
[EventDate "2017.07.06"]
[EventType "swiss"]
[EventRounds "7"]
[EventCountry "CAN"]
[SourceTitle "hb 2017"]

1. e4 c5 2. Nc3 d6 3. Bc4 Nf6 4. Nge2 g6 5. O-O Bg7 6. d4 cxd4 7. Nxd4 O-O 8. Be3 Bd7 9. Bd5 Nc6 10. Nxc6 bxc6 11. Bc4 Qa5 12. Qd3 Rad8 13. f3 d5 14. exd5 Bf5 15. Qe2 cxd5 16. Nxd5 Nxd5 17. Bd2 Qc5+ 18. Kh1 Bxb2 19. Rae1 Bc3 20. Bxc3 Nxc3 21. Bxf7+ Rxf7 22. Qe3 Qxe3 23. Rxe3 Nd5 24. Rd1 Nxe3 25. Rxd8+ Kg7 26. c3 e6 27. g4 Bb1 28. a4 Rxf3 29. Rd7+ Kf6 30. g5+ Kxg5 31. h4+ Kxh4 32. Rd4+ Kg3 33. Rg4+ Kxg4 34. c4 Kg3 35. c5 Rf1# 0-1

[Event "CYCC U16"]
[Site "Sault Ste Marie CAN"]
[Date "2017.07.06"]
[Round "2.21"]
[White "Fox, Dylan"]
[Black "Rashid, Kaden"]
[Result "1-0"]
[WhiteElo "1270"]
[BlackElo "987"]
[WhiteFideId "-1"]
[WhiteFideId "-1"]
[PlyCount "61"]
[GameId "2160767908410645"]
[EventDate "2017.07.06"]
[EventType "swiss"]
[EventRounds "7"]
[EventCountry "CAN"]
[SourceTitle "hb 2017"]

1. e4 c5 2. c3 d6 3. d4 cxd4 4. cxd4 g6 5. f4 e6 6. Nf3 Nf6 7. Nc3 Nbd7 8. e5 dxe5 9. fxe5 Nd5 10. Nxd5 exd5 11. a3 Nb6 12. Be2 Bg7 13. O-O O-O 14. h3 f6 15. exf6 Bxf6 16. Nh2 Bg7 17. Be3 Nc4 18. Bxc4 dxc4 19. Rc1 b5 20. Qd2 Bb7 21. Rxf8+ Qxf8 22. Rf1 Qe7 23. Ng4 Re8 24. Re1 h5 25. Bf2 Qf8 26. Ne5 Bxe5 27. dxe5 Qf5 28. e6 Rxe6 29. Qd8+ Kg7 30. Qd7+ Kf6 31. Bd4+ 1-0

[Event "CYCC U16"]
[Site "Sault Ste Marie CAN"]
[Date "2017.07.06"]
[Round "2.22"]
[White "Zhao, Eric"]
[Black "Butchart, Brian"]
[Result "0-1"]
[WhiteElo "928"]
[BlackElo "1248"]
[WhiteFideId "-1"]
[WhiteFideId "-1"]
[PlyCount "88"]
[GameId "2160767908410646"]
[EventDate "2017.07.06"]
[EventType "swiss"]
[EventRounds "7"]
[EventCountry "CAN"]
[SourceTitle "hb 2017"]

1. d4 Nf6 2. c4 g6 3. Nc3 Bg7 4. e4 d6 5. Nf3 Nbd7 6. Be3 O-O 7. Qd2 Re8 8. Bh6 e5 9. Bxg7 Kxg7 10. d5 Nc5 11. Bd3 Nh5 12. Ne2 Nxd3+ 13. Qxd3 f5 14. g3 Rf8 15. h3 f4 16. O-O-O fxg3 17. fxg3 Qf6 18. Rdf1 Bd7 19. Qd2 Qd8 20. Ng5 h6 21. Rxf8 Qxf8 22. Ne6+ Bxe6 23. dxe6 Qe7 24. g4 Nf6 25. Ng3 Qxe6 26. Qe2 Rf8 27. Rf1 Nd7 28. Rxf8 Nxf8 29. h4 Qe7 30. h5 Qg5+ 31. Kb1 Ne6 32. hxg6 Kxg6 33. b3 Nd4 34. Qd1 Qe3 35. Nf5 Qxe4+ 36. Kc1 Nxf5 37. gxf5+ Qxf5 38. Kb2 e4 39. Qg1+ Qg5 40. Qxa7 e3 41. Qxb7 Qe5+ 42. Kc2 Qh2+ 43. Kd3 Qd2+ 44. Ke4 Qg2+ 0-1

[Event "CYCC U16"]
[Site "Sault Ste Marie CAN"]
[Date "2017.07.06"]
[Round "2.23"]
[White "Horner, Blake"]
[Black "Larivee, Nathan"]
[Result "1-0"]
[WhiteElo "1161"]
[BlackElo "799"]
[WhiteFideId "-1"]
[WhiteFideId "-1"]
[PlyCount "79"]
[GameId "2160767908410647"]
[EventDate "2017.07.06"]
[EventType "swiss"]
[EventRounds "7"]
[EventCountry "CAN"]
[SourceTitle "hb 2017"]

1. d4 d6 2. e4 e5 3. dxe5 dxe5 4. Qxd8+ Kxd8 5. Nf3 f6 6. Bc4 Bg4 7. Nbd2 Bxf3 8. Nxf3 Nh6 9. O-O Nc6 10. b3 Nd4 11. Rd1 Bc5 12. c3 Ke7 13. cxd4 exd4 14. Bxh6 gxh6 15. Nxd4 Bxd4 16. Rxd4 Rad8 17. Rad1 c5 18. Rxd8 Rxd8 19. Rxd8 Kxd8 20. f4 a5 21. Bg8 b5 22. Kf2 a4 23. bxa4 bxa4 24. Ke3 Kc7 25. Kd3 Kb6 26. Kc4 h5 27. e5 fxe5 28. fxe5 Kc6 29. Bxh7 h4 30. g4 hxg3 31. hxg3 a3 32. g4 Kd7 33. Kxc5 Ke6 34. Kd4 Kf7 35. Kd5 Kg7 36. Bf5 Kf7 37. Kd6 Ke8 38. e6 Kd8 39. e7+ Ke8 40. Bg6# 1-0

[Event "CYCC U16"]
[Site "Sault Ste Marie CAN"]
[Date "2017.07.07"]
[Round "3.14"]
[White "Chen, Richard"]
[Black "Liang, Hairan"]
[Result "1-0"]
[WhiteElo "2330"]
[BlackElo "2185"]
[WhiteFideId "-1"]
[WhiteFideId "-1"]
[PlyCount "83"]
[GameId "2160767908410648"]
[EventDate "2017.07.06"]
[EventType "swiss"]
[EventRounds "7"]
[EventCountry "CAN"]
[SourceTitle "hb 2017"]

1. e4 c5 2. Nf3 Nc6 3. Bb5 g6 4. O-O Bg7 5. Re1 Nf6 6. e5 Nd5 7. Nc3 Nc7 8. Bxc6 dxc6 9. Ne4 Ne6 10. d3 O-O 11. Be3 b6 12. Qd2 Nd4 13. Nxd4 cxd4 14. Bh6 Bf5 15. Bxg7 Kxg7 16. Ng3 Qd7 17. Qf4 c5 18. h4 Qe6 19. f3 Rfd8 20. Qg5 Kh8 21. Ne2 Qd7 22. Nf4 Be6 23. h5 gxh5 24. Qxh5 Rg8 25. Kf2 Rg7 26. Rh1 Bf5 27. g4 Bg6 28. Qh6 c4 29. e6 Qe8 30. Rh2 cxd3 31. Rah1 Qg8 32. cxd3 Rf8 33. Qh4 Re8 34. Qg5 Bxd3 35. Qe5 f6 36. Qxd4 Rd8 37. Qc3 Bb5 38. Qc2 Rd4 39. Kg3 Ba6 40. Qf5 Bb7 41. Rh6 Rd2 42. Qh5 1-0

[Event "CYCC U16"]
[Site "Sault Ste Marie CAN"]
[Date "2017.07.07"]
[Round "3.15"]
[White "Xu, Jeffrey"]
[Black "Doknjas, Joshua"]
[Result "1/2-1/2"]
[WhiteElo "2125"]
[BlackElo "2197"]
[WhiteFideId "-1"]
[WhiteFideId "-1"]
[PlyCount "152"]
[GameId "2160767908410649"]
[EventDate "2017.07.06"]
[EventType "swiss"]
[EventRounds "7"]
[EventCountry "CAN"]
[SourceTitle "hb 2017"]

1. e4 c5 2. Nf3 d6 3. c3 Nf6 4. Bd3 Nc6 5. Bc2 Bg4 6. d3 e6 7. h3 Bh5 8. Qe2 Be7 9. Nbd2 Qc7 10. Nf1 h6 11. Bf4 Bg6 12. g4 Qb6 13. O-O-O Qa6 14. Bxd6 Bxd6 15. e5 Nxe5 16. Nxe5 Bxe5 17. Qxe5 Nd7 18. Qc7 Qxa2 19. Ne3 Ke7 20. Rhe1 Rhc8 21. Qg3 Rc6 22. f4 Kf8 23. f5 Bh7 24. Qf3 Re8 25. Rf1 exf5 26. gxf5 Ne5 27. Qf2 b5 28. d4 cxd4 29. Rxd4 b4 30. Bb1 Qb3 31. Bc2 Qa2 32. Bb1 Qa5 33. c4 Qb6 34. Qd2 a5 35. Be4 Rc5 36. Bd5 Qf6 37. Kb1 Nc6 38. Rd3 Qg5 39. Qf2 Ne5 40. Rd4 a4 41. Ka1 a3 42. b3 Qf6 43. Rfd1 Nc6 44. Ng4 Qe7 45. Re4 Rxd5 46. cxd5 Qxe4 47. Qc5+ Ne7 48. d6 Qe2 49. dxe7+ Kg8 50. Nxh6+ gxh6 51. Rg1+ Bg6 52. Qd4 Qb2+ 53. Qxb2 axb2+ 54. Kxb2 Rxe7 55. fxg6 Re2+ 56. Kc1 f5 57. Rf1 Re3 58. Rxf5 Rxh3 59. Rf4 Rxb3 60. Kc2 Re3 61. Rxb4 Kg7 62. Kd2 Re6 63. Rg4 Re5 64. Kd3 h5 65. Re4 Rf5 66. Ke3 Kxg6 67. Rf4 Ra5 68. Kf2 Kg5 69. Re4 Kf5 70. Re1 Kf4 71. Kg2 Ra3 72. Rb1 Rg3+ 73. Kh2 Rg4 74. Rb4+ Kg5 75. Rb5+ Kh4 76. Ra5 Rf4 1/2-1/2

[Event "CYCC U16"]
[Site "Sault Ste Marie CAN"]
[Date "2017.07.07"]
[Round "3.16"]
[White "Liu, Lambert"]
[Black "Li, Eric M"]
[Result "1-0"]
[WhiteElo "2188"]
[BlackElo "1992"]
[WhiteFideId "-1"]
[WhiteFideId "-1"]
[PlyCount "101"]
[GameId "2160767908410650"]
[EventDate "2017.07.06"]
[EventType "swiss"]
[EventRounds "7"]
[EventCountry "CAN"]
[SourceTitle "hb 2017"]

1. e4 c5 2. Nf3 Nc6 3. d4 cxd4 4. Nxd4 Qb6 5. Nb3 Nf6 6. Nc3 e6 7. Qe2 Be7 8. Be3 Qc7 9. O-O-O a6 10. f4 d6 11. g4 b5 12. a3 Bb7 13. Bg2 Rc8 14. Rhe1 O-O 15. g5 Nd7 16. f5 b4 17. axb4 Nxb4 18. g6 fxg6 19. fxg6 Ne5 20. Bh3 Rf6 21. gxh7+ Kh8 22. Bd4 Nc4 23. Rg1 e5 24. Bxc8 exd4 25. Rxd4 Ne5 26. Rxb4 Qxc8 27. Rd1 Rh6 28. Na5 Ba8 29. Nd5 Bg5+ 30. Kb1 Kxh7 31. Nc4 Nf7 32. Ncb6 Qb8 33. Rc4 Bb7 34. Rc7 Ne5 35. Rg1 Bxd5 36. Nxd5 Qd8 37. Qg2 Rg6 38. h4 Bh6 39. Qf1 Rxg1 40. Qxg1 Qxh4 41. Qf1 Bg5 42. Qf5+ Kh6 43. Rc3 Qe1+ 44. Ka2 Ng6 45. Qh3+ Nh4 46. Ne3 g6 47. Ra3 Kh5 48. Qg4+ Kh6 49. Nc4 Qb4 50. Qc8 Kh5 51. c3 1-0

[Event "CYCC U16"]
[Site "Sault Ste Marie CAN"]
[Date "2017.07.07"]
[Round "3.17"]
[White "Saine, Zachary"]
[Black "Wang, Jeff"]
[Result "0-1"]
[WhiteElo "1966"]
[BlackElo "1939"]
[WhiteFideId "-1"]
[WhiteFideId "-1"]
[PlyCount "62"]
[GameId "2160767908410652"]
[EventDate "2017.07.06"]
[EventType "swiss"]
[EventRounds "7"]
[EventCountry "CAN"]
[SourceTitle "hb 2017"]

1. e4 c5 2. Nf3 d6 3. d4 cxd4 4. Nxd4 Nf6 5. Nc3 g6 6. Be3 Bg7 7. f3 O-O 8. Qd2 Nc6 9. Bc4 Bd7 10. O-O-O Rc8 11. Bb3 Ne5 12. h4 h5 13. Bh6 Nc4 14. Bxc4 Rxc4 15. Bxg7 Kxg7 16. g4 b5 17. Nb3 Qc7 18. e5 dxe5 19. g5 Bf5 20. gxf6+ exf6 21. a3 Rc8 22. Rh2 Qb6 23. Qd5 Qe3+ 24. Kb1 a6 25. Nc1 b4 26. axb4 Rxb4 27. N1a2 Rd4 28. Rxd4 exd4 29. Nd1 Qg1 30. Rd2 Rxc2 31. Qxf5 Rxd2 0-1

[Event "CYCC U16"]
[Site "Sault Ste Marie CAN"]
[Date "2017.07.07"]
[Round "3.18"]
[White "Wu, Chenxi"]
[Black "Fox, Dylan"]
[Result "1-0"]
[WhiteElo "1904"]
[BlackElo "1270"]
[WhiteFideId "-1"]
[WhiteFideId "-1"]
[PlyCount "63"]
[GameId "2160767908410653"]
[EventDate "2017.07.06"]
[EventType "swiss"]
[EventRounds "7"]
[EventCountry "CAN"]
[SourceTitle "hb 2017"]

1. e4 c5 2. Nf3 d6 3. d4 cxd4 4. Nxd4 Nf6 5. Nc3 a6 6. Rg1 e5 7. Nb3 Be7 8. g4 b5 9. g5 Nfd7 10. Be3 Bb7 11. Qh5 g6 12. Qg4 Nf8 13. O-O-O Nbd7 14. f4 Qc7 15. f5 O-O-O 16. f6 Bxf6 17. gxf6 Kb8 18. Qf3 Rc8 19. Rg2 b4 20. Nd5 Bxd5 21. Rxd5 Kb7 22. Na5+ Ka8 23. Qe2 Nb8 24. Nc4 Nfd7 25. Rxd6 Rhd8 26. Bb6 Nxb6 27. Nxb6+ Kb7 28. Nxc8 Rxd6 29. Nxd6+ Qxd6 30. Qf3 Nc6 31. Bc4 Nd4 32. Rd2 1-0

[Event "CYCC U16"]
[Site "Sault Ste Marie CAN"]
[Date "2017.07.07"]
[Round "3.19"]
[White "Butchart, Brian"]
[Black "Zhou, Joey"]
[Result "0-1"]
[WhiteElo "1248"]
[BlackElo "1563"]
[WhiteFideId "-1"]
[WhiteFideId "-1"]
[PlyCount "136"]
[GameId "2160767908410654"]
[EventDate "2017.07.06"]
[EventType "swiss"]
[EventRounds "7"]
[EventCountry "CAN"]
[SourceTitle "hb 2017"]

1. e4 e6 2. d3 d5 3. Nd2 c5 4. g3 Nc6 5. Bg2 d4 6. Ngf3 Bd6 7. O-O Nge7 8. Re1 e5 9. h4 h6 10. Nh2 Be6 11. Nb3 Qc7 12. Rf1 O-O-O 13. Nd2 Rdg8 14. Ndf3 g6 15. c3 f5 16. Re1 Rf8 17. cxd4 cxd4 18. b3 Kb8 19. Bb2 Qd7 20. Nf1 Ng8 21. N1d2 Nf6 22. exf5 Bxf5 23. Nc4 Re8 24. Nxd6 Qxd6 25. Rc1 Nd7 26. Qd2 Qf6 27. Nh2 Rc8 28. g4 Be6 29. Bxc6 Rxc6 30. Rxc6 bxc6 31. Qb4+ Kc7 32. Qa5+ Kb7 33. Rc1 Rf8 34. Rc2 Bd5 35. Ba3 Rf7 36. Bc5 Nxc5 37. Qxc5 Qxh4 38. Qb4+ Kc7 39. Qc5 Kb7 40. Qd6 Qf6 41. Qxf6 Rxf6 42. Re2 Re6 43. Nf1 Bf3 44. Re1 Bxg4 45. Nd2 Bf5 46. Ne4 Kb6 47. b4 a5 48. bxa5+ Kxa5 49. Nc5 Re7 50. f4 Kb5 51. Ne4 Bxe4 52. Rxe4 c5 53. Rxe5 Rf7 54. Re6 Rxf4 55. Rxg6 Rf3 56. Rxh6 Rxd3 57. Kf1 Rd2 58. a3 c4 59. Rh8 Ra2 60. Rb8+ Kc5 61. Ra8 d3 62. a4 Kb4 63. Rb8+ Kxa4 64. Re8 Kb3 65. Rb8+ Kc3 66. Rd8 Kc2 67. Ke1 Ra1+ 68. Kf2 d2 0-1

[Event "CYCC U16"]
[Site "Sault Ste Marie CAN"]
[Date "2017.07.07"]
[Round "3.20"]
[White "Chertkow, Matthew"]
[Black "Horner, Blake"]
[Result "1/2-1/2"]
[WhiteElo "1448"]
[BlackElo "1161"]
[WhiteFideId "-1"]
[WhiteFideId "-1"]
[PlyCount "72"]
[GameId "2160767908410655"]
[EventDate "2017.07.06"]
[EventType "swiss"]
[EventRounds "7"]
[EventCountry "CAN"]
[SourceTitle "hb 2017"]

1. e4 c5 2. Nf3 d6 3. d4 cxd4 4. Nxd4 Nf6 5. Nc3 g6 6. Bd3 Bg7 7. h3 Nc6 8. Nxc6 bxc6 9. O-O O-O 10. Be3 e5 11. Qe2 Re8 12. Rad1 d5 13. exd5 Nxd5 14. Nxd5 cxd5 15. Bb5 Re6 16. Bc5 Qg5 17. Rd3 Rb8 18. Rg3 Qd8 19. Rd1 Qa5 20. a4 a6 21. b4 Qc7 22. c4 axb5 23. cxd5 Rf6 24. d6 Qd7 25. axb5 Qxb5 26. Qxe5 Re6 27. Qd5 Be5 28. Rgd3 Rxd6 29. Qxe5 Rxd3 30. Rxd3 Qxd3 31. Qe8+ Kg7 32. Qe5+ Kg8 33. Qe8+ Kg7 34. Bf8+ Kf6 35. Qe7+ Kf5 36. Qxf7+ Ke4 1/2-1/2

[Event "CYCC U16"]
[Site "Sault Ste Marie CAN"]
[Date "2017.07.07"]
[Round "3.21"]
[White "Bremner, William"]
[Black "Java, Jose"]
[Result "1-0"]
[WhiteElo "1104"]
[BlackElo "1005"]
[WhiteFideId "-1"]
[WhiteFideId "-1"]
[PlyCount "55"]
[GameId "2160767908410656"]
[EventDate "2017.07.06"]
[EventType "swiss"]
[EventRounds "7"]
[EventCountry "CAN"]
[SourceTitle "hb 2017"]

1. d4 d5 2. c4 e6 3. Nf3 Nf6 4. g3 c5 5. cxd5 cxd4 6. dxe6 Bxe6 7. Qxd4 Qxd4 8. Nxd4 Bd5 9. Nf3 Bb4+ 10. Nbd2 Ne4 11. Bg2 Nxd2 12. Bxd2 Bxd2+ 13. Kxd2 O-O 14. Rhd1 Nc6 15. Nh4 Bxg2 16. Nxg2 f5 17. a3 Nd4 18. Rab1 Rfe8 19. Ne3 Red8 20. Ke1 Kf7 21. Rd2 a5 22. Rbd1 Rac8 23. Rxd4 Rxd4 24. Rxd4 Kf6 25. Kd2 h6 26. h4 Ke6 27. Rd5 Kf6 28. Rxf5+ 1-0

[Event "CYCC U16"]
[Site "Sault Ste Marie CAN"]
[Date "2017.07.07"]
[Round "3.22"]
[White "Larivee, Nathan"]
[Black "Guan, Zi Yu"]
[Result "0-1"]
[WhiteElo "799"]
[BlackElo "1478"]
[WhiteFideId "-1"]
[WhiteFideId "-1"]
[PlyCount "62"]
[GameId "2160767908410657"]
[EventDate "2017.07.06"]
[EventType "swiss"]
[EventRounds "7"]
[EventCountry "CAN"]
[SourceTitle "hb 2017"]

1. e4 c5 2. Nf3 d6 3. d4 cxd4 4. Nxd4 Nf6 5. Bb5+ Bd7 6. f3 e5 7. Bxd7+ Qxd7 8. Nf5 Nc6 9. Bg5 Qe6 10. Bxf6 Qxf6 11. Nc3 g6 12. Nd5 Qd8 13. Nfe3 Bg7 14. g3 O-O 15. f4 exf4 16. gxf4 Re8 17. Nc3 Qh4+ 18. Ke2 Bxc3 19. bxc3 Qxf4 20. h4 Rxe4 21. Qg1 Rae8 22. Rh3 Qf5 23. h5 Qxh3 24. h6 Rxe3+ 25. Kd2 Re2+ 26. Kc1 Re1+ 27. Qxe1 Rxe1+ 28. Kb2 Rxa1 29. Kxa1 Qxc3+ 30. Kb1 Nb4 31. Kc1 Qxc2# 0-1

[Event "CYCC U16"]
[Site "Sault Ste Marie CAN"]
[Date "2017.07.07"]
[Round "3.23"]
[White "Rashid, Kaden"]
[Black "Zhao, Eric"]
[Result "1-0"]
[WhiteElo "987"]
[BlackElo "928"]
[WhiteFideId "-1"]
[WhiteFideId "-1"]
[PlyCount "99"]
[GameId "2160767908410658"]
[EventDate "2017.07.06"]
[EventType "swiss"]
[EventRounds "7"]
[EventCountry "CAN"]
[SourceTitle "hb 2017"]

1. e4 c5 2. Nf3 d6 3. d4 cxd4 4. Nxd4 Nf6 5. Nc3 a6 6. Be3 e6 7. f3 Be7 8. Qd2 Nc6 9. O-O-O h6 10. g4 g5 11. Be2 Nxd4 12. Bxd4 e5 13. Be3 Rf8 14. h4 Nd7 15. hxg5 hxg5 16. Nd5 b5 17. Rh2 Bb7 18. Nxe7 Qxe7 19. Qxd6 Qxd6 20. Rxd6 Ke7 21. Rdh6 Rac8 22. R2h5 f6 23. Rh7+ Ke6 24. R7h6 Ke7 25. b3 Rc7 26. Kb2 Rfc8 27. Bd3 Nf8 28. b4 Nd7 29. Kb3 Rc6 30. Rh7+ Kd8 31. Rh8+ Ke7 32. Rxc8 Bxc8 33. c4 bxc4+ 34. Bxc4 Nf8 35. Bc5+ Kd7 36. Bxf8 Kc7 37. Rh7+ Bd7 38. Bd5 Rc1 39. Be6 Rd1 40. Rxd7+ Rxd7 41. Bxd7 Kxd7 42. Ka4 Kc6 43. Bg7 Kd7 44. Bxf6 Ke8 45. Ka5 Kd7 46. Kxa6 Kc6 47. b5+ Kd7 48. b6 Kc8 49. b7+ Kb8 50. Bxe5# 1-0

[Event "CYCC U16"]
[Site "Sault Ste Marie CAN"]
[Date "2017.07.07"]
[Round "4.2"]
[White "Wang, Jeff"]
[Black "Chen, Richard"]
[Result "1/2-1/2"]
[WhiteElo "1939"]
[BlackElo "2330"]
[WhiteFideId "-1"]
[WhiteFideId "-1"]
[PlyCount "36"]
[GameId "2160767908410659"]
[EventDate "2017.07.06"]
[EventType "swiss"]
[EventRounds "7"]
[EventCountry "CAN"]
[SourceTitle "hb 2017"]

1. e4 c5 2. Nf3 e6 3. d4 cxd4 4. Nxd4 Nc6 5. Nc3 Qc7 6. f4 a6 7. Nxc6 dxc6 8. e5 f6 9. Bd3 f5 10. Qh5+ g6 11. Qf3 Bd7 12. a4 Ne7 13. Bd2 Nd5 14. Nxd5 cxd5 15. O-O Bc6 16. Kh1 a5 17. Rfb1 Qb6 18. Qe2 Be7 1/2-1/2

[Event "CYCC U16"]
[Site "Sault Ste Marie CAN"]
[Date "2017.07.07"]
[Round "4.15"]
[White "Doknjas, Joshua"]
[Black "Liu, Lambert"]
[Result "1-0"]
[WhiteElo "2197"]
[BlackElo "2188"]
[WhiteFideId "-1"]
[WhiteFideId "-1"]
[PlyCount "75"]
[GameId "2160767908410660"]
[EventDate "2017.07.06"]
[EventType "swiss"]
[EventRounds "7"]
[EventCountry "CAN"]
[SourceTitle "hb 2017"]

1. e4 c5 2. Nf3 g6 3. c3 d5 4. exd5 Qxd5 5. Na3 Bg7 6. Bc4 Qe4+ 7. Be2 Nf6 8. O-O O-O 9. d4 cxd4 10. Nxd4 Qd5 11. Bf3 Qa5 12. Re1 e5 13. Nc4 Qc7 14. Nxe5 Nbd7 15. Bf4 Nxe5 16. Bxe5 Qb6 17. Qb3 Nd7 18. Qxb6 Nxb6 19. Bd6 Rd8 20. Bc7 Rf8 21. Nb5 Na4 22. Bd6 Rd8 23. Nc7 Rb8 24. Re8+ Rxe8 25. Nxe8 Ra8 26. Nxg7 Kxg7 27. b3 Nb6 28. Re1 Be6 29. Bxb7 Rd8 30. Be5+ Kf8 31. Bd4 Rd7 32. Bf3 Nd5 33. Kf1 Rc7 34. Bxd5 Bxd5 35. Re5 Bb7 36. f3 a6 37. Ke2 f6 38. Re6 1-0

[Event "CYCC U16"]
[Site "Sault Ste Marie CAN"]
[Date "2017.07.07"]
[Round "4.16"]
[White "Liang, Hairan"]
[Black "Xu, Jeffrey"]
[Result "1-0"]
[WhiteElo "2186"]
[BlackElo "2125"]
[WhiteFideId "-1"]
[WhiteFideId "-1"]
[PlyCount "107"]
[GameId "2160767908410662"]
[EventDate "2017.07.06"]
[EventType "swiss"]
[EventRounds "7"]
[EventCountry "CAN"]
[SourceTitle "hb 2017"]

1. e4 e6 2. d4 d5 3. Nd2 Nf6 4. e5 Nfd7 5. Bd3 c5 6. c3 Nc6 7. Ne2 cxd4 8. cxd4 f6 9. exf6 Nxf6 10. Nf3 Bd6 11. O-O Qc7 12. Nc3 a6 13. Bd2 O-O 14. Rc1 Bd7 15. Re1 Rae8 16. Na4 b5 17. Nc5 Bxc5 18. Rxc5 Qd6 19. Rc1 Kh8 20. h3 Bc8 21. a4 b4 22. Rxc6 Qxc6 23. Bxb4 Ne4 24. Bxf8 Rxf8 25. Qc2 Qb6 26. Bxe4 dxe4 27. Rxe4 Bb7 28. Re3 Rc8 29. Rc3 Rxc3 30. Qxc3 Kg8 31. Ne5 Qd6 32. Qc5 Qd5 33. Qxd5 Bxd5 34. g3 a5 35. Kf1 Bb3 36. Nc6 Bxa4 37. Nxa5 Kf7 38. Ke2 Kf6 39. Nc4 g5 40. Ke3 h5 41. b4 Bb5 42. Nd6 Bf1 43. h4 gxh4 44. gxh4 Bg2 45. Kf4 Ke7 46. Ne4 Kd7 47. Nf6+ Kd6 48. Nxh5 Kd5 49. Ke3 e5 50. dxe5 Kxe5 51. Ng3 Kd5 52. h5 Ke5 53. f4+ Kf6 54. b5 1-0

[Event "CYCC U16"]
[Site "Sault Ste Marie CAN"]
[Date "2017.07.07"]
[Round "4.17"]
[White "Zhou, Joey"]
[Black "Bremner, William"]
[Result "0-1"]
[WhiteElo "1563"]
[BlackElo "1104"]
[WhiteFideId "-1"]
[WhiteFideId "-1"]
[PlyCount "130"]
[GameId "2160767908410663"]
[EventDate "2017.07.06"]
[EventType "swiss"]
[EventRounds "7"]
[EventCountry "CAN"]
[SourceTitle "hb 2017"]

1. d4 d5 2. c4 c6 3. Nf3 Nf6 4. Bf4 dxc4 5. Qc2 b5 6. a4 e6 7. e3 Bb4+ 8. Nc3 Nd5 9. Bg3 Nxc3 10. bxc3 Be7 11. Be2 Nd7 12. O-O Bb7 13. Rfb1 a6 14. Bxc4 O-O 15. Bd3 h6 16. c4 b4 17. c5 a5 18. Ne5 Nxe5 19. Bxe5 Bf6 20. Bg3 Re8 21. f4 Ba6 22. Be4 Qd7 23. Qf2 Rac8 24. Bh4 Bxh4 25. Qxh4 f5 26. Bc2 Bc4 27. Kf2 Bd5 28. g4 Rb8 29. Bb3 Rb7 30. g5 Kh7 31. Qh5 Rf8 32. Rb2 Qe8 33. Qh3 Qa8 34. Rg1 Rbb8 35. gxh6 gxh6 36. Qh5 Rf6 37. Bxd5 exd5 38. Kf3 Rg8 39. Rbg2 Rxg2 40. Rxg2 Qf8 41. Qh4 Rg6 42. Rb2 Rg8 43. Qh5 Qf6 44. Qh3 Qg6 45. Rb1 h5 46. Rb2 Qg4+ 47. Qxg4 fxg4+ 48. Kg3 Re8 49. Rb3 Kg6 50. h3 Kf5 51. h4 Ke4 52. Rb1 Kd3 53. Kf2 Kc2 54. Re1 b3 55. Re2+ Kc3 56. Kg3 b2 57. Re1 Kc2 58. Re2+ Kb1 59. Re1+ Ka2 60. Kf2 Rb8 61. Re2 Ka3 62. f5 b1=Q 63. Re1 Rb2+ 64. Kf1 Qc2 65. Re2 Qxe2+ 0-1